00907 a2200169 4500003000500000005001700005010001300022040000900035082001200044100002700056245007700083260003500160300003000195505047000225600002700695650001500722Nust20230214094539.0 a54011547 cNust a158,PEA aPeale, Norman Vincent, aThe power of positive thinking for young people /cNorman Vincent Peale, aPrentice-HallbNew York,c1955 avii,217 p.:billusc21 cm aTrust yourself (Page-1), Power Comes from a quiet Mind (Page-8), How to Pray (Page-34), You Make your own Happiness (Page-46), Stop Fuming and Fretting (Page-62), You Get What you Expect (Page-81), Be Winner (Page-100), Why Worry (Page-118), Ten Ways to solve your Problems (Page-129), What to do in Slump (Page-142), You are what you think (Page-154), Easy Does it (Page-169), You Like People People Like you (Page-185), Why not use that Higher Powers (Page-205). aPeale, Norman Vincent, aPsychology